00473nam a2200181Ia 450000500170000000800410001704000190005804100120007708200130008910000180010224500550012026000300017530000200020550400190022565000180024465100180026285000110028020230803111953.0131103s9999 xx 000 0 und d aLoreto College aEnglish a920bLAW aLawrence,T.E. aSeven Pillars of Wisdomb a triumph cT.E.Lawrence aNew YorkbDoubledayc1936 a672 p.b illus. aIncludes index aLawrence,T.E. aAutobiography aLCLIB